000 00423nam a2200169Ia 4500
003 GCL
008 140319s9999 xx 000 0 eng d
040 _aGCL /
_cGCL
082 0 4 _a738.12
_bL M
100 1 _aLINPKE, JULIA
245 1 0 _aMODELLING IN CLAY CHERULIC CHILDREN /
_cLINPKE, JULIA
260 _a[S.N] :
_bSEARCH PRESS ،
_c1989
300 _a32P
650 0 4 _aCLAY
650 0 4 _aCERAMIC ARTS
942 _2ddc
_cBK
999 _c10805
_d10805